000 01677cam a2200385Ia 4500
001 7582241
003 OSt
005 20140310184420.0
008 040427t20042003nyu 000 1 eng d
020 _a9781594480003
035 _a(OCoLC)ocm55031822
035 _a(NNC)7582241
040 _aJRS
_cJRS
_dCPA
_dXY4
_dUNA
_dOCL
_dBAKER
_dBTCTA
_dYDXCP
_dFXN
_dNNC
043 _aa-af---
050 4 _aPS 3608.O525
_b.K58 2005
100 1 _aHosseini, Khaled.
_918218
245 1 4 _aThe kite runner /
_cKhaled Hosseini.
250 _a1st Riverhead trade pbk. ed.
260 _aNew York :
_bRiverhead Books,
_c2005
300 _a371 p.
_c21 cm.
520 _aAn epic tale of fathers and sons, of friendship and betrayal, that takes us from Afghanistan in the final days of the monarchy to the atrocities of the present. The unforgettable, heartbreaking story of the unlikely friendship between a wealthy boy and the son of his father's servant, The Kite Runner is a beautifully crafted novel set in a country that is in the process of being destroyed. It is about the power of reading, the price of betrayal, and the possibility of redemption, and it is also about the power of fathers over sons-their love, their sacrifices, their lies.
521 _aG6
526 _c840
562 _e1
650 0 _aMale friendship
_vFiction.
_918219
650 0 _aSocial classes
_vFiction.
_918220
650 0 _aBetrayal
_vFiction.
_918221
650 0 _aBoys
_vFiction.
_918222
651 0 _aKabul (Afghanistan)
_vFiction.
_918223
651 0 _aAfghanistan
_vFiction.
_918224
655 7 _aBildungsromans.
_2gsafd
_92798
942 _2lcc
_cBK-SCHOLAS
999 _c34222
_d34222